Northfleet, Kent (Record no. 116628)
[ view plain ]
| 000 -LEADER | |
|---|---|
| fixed length control field | 00797cam a22001935a 4500 |
| 001 - CONTROL NUMBER | |
| control field | L141156 |
| 008 - FIXED-LENGTH DATA ELEMENTS--GENERAL INFORMATION | |
| fixed length control field | 071031s1868 xxk eng u |
| 035 ## - SYSTEM CONTROL NUMBER | |
| System control number | (Sirsi) u141156 |
| 041 0# - LANGUAGE CODE | |
| Language code of text/sound track or separate title | eng |
| 100 1# - MAIN ENTRY--PERSONAL NAME | |
| Personal name | Tuckett, Philip D. |
| 245 00 - TITLE STATEMENT | |
| Title | Northfleet, Kent |
| Remainder of title | particulars and conditions of sale of the very important and extensive waterside property known as The Orme House Portland Cement Works...which will be sold by auction by Mr. Philip D. Tuckett at the New Auction Mart, Tokenhouse Yard, London E.C. on Tuesday the 12th day of May 1868... |
| 260 ## - PUBLICATION, DISTRIBUTION, ETC. | |
| Place of publication, distribution, etc. | S.l. |
| Name of publisher, distributor, etc. | s.n. |
| Date of publication, distribution, etc. | [1868] |
| 300 ## - PHYSICAL DESCRIPTION | |
| Extent | 4 p. |
| Dimensions | ol. plan |
| -- | 44 cm. |
| 340 ## - PHYSICAL MEDIUM | |
| Material base and configuration | Printed |
| 351 ## - ORGANIZATION AND ARRANGEMENT OF MATERIALS | |
| Hierarchical level | Single item |
| 651 4# - SUBJECT ADDED ENTRY--GEOGRAPHIC NAME | |
| Geographic name | Kent |
| 690 ## - LOCAL SUBJECT ADDED ENTRY--TOPICAL TERM (OCLC, RLIN) | |
| Topical term or geographic name as entry element | PROPERTY-PROPERTY ACQUISITION AND DISPOSAL-ACQUISITION AND DISPOSAL AT AUCTION |
| 942 ## - ADDED ENTRY ELEMENTS (KOHA) | |
| Suppress in OPAC | 0 |
| Withdrawn status | Lost status | Source of classification or shelving scheme | Damaged status | Not for loan | Home library | Current library | Shelving location | Date acquired | Total Checkouts | Full call number | Barcode | Date last seen | Copy number | Price effective from | Koha item type |
|---|---|---|---|---|---|---|---|---|---|---|---|---|---|---|---|
| Dewey Decimal Classification | London | London | Basement | 31/10/2007 | BASEMENT BOX 5 | 141156-1001 | 06/08/2019 | 1 | 06/08/2019 | Archive |